| 000 | 00710nam a2200253 a 4500 | ||
|---|---|---|---|
| 999 |
_c954 _d954 |
||
| 001 | 4923 | ||
| 003 | BD-DhUAP | ||
| 005 | 20200205113001.0 | ||
| 008 | 200129s1995 maua 001 0 eng d | ||
| 020 | _a025617217X | ||
| 020 | _a0071152261 | ||
| 040 |
_aBD-DhUAP _cBD-DhUAP _dBD-DhUAP _bEng |
||
| 082 | 0 | 0 |
_a339 COL _223 |
| 100 | 1 | _aColander, David C. | |
| 245 | 1 | 0 |
_aMicroeconomics / _cDavid C. Colander. |
| 250 | _a3rd ed. | ||
| 260 |
_aBoston : _bMcGraw-Hill Irwin, _cc1976 [Reprinted 1998]. |
||
| 300 |
_axxiv, 536 pages : _billustrations ; _c28 cm. |
||
| 504 | _aIncludes index. | ||
| 650 | 0 | _aMicroeconomics. | |
| 942 |
_2ddc _cBK |
||